|
|
|
|
| LEADER |
00000cam a2200000 7i4500 |
| 001 |
0000200065 |
| 005 |
20160107.0 |
| 090 |
0 |
0 |
|a F
|b KAT
|
| 100 |
0 |
|
|a Babu Thooyavan
|
| 245 |
1 |
0 |
|a Katham katham [
|h digital video disc]
|c Babu Thooyavan
|
| 260 |
|
|
|a India :
|b s.n. ,
|c 20-
|
| 300 |
|
|
|a 1 digital video disc (139 minutes) :
|b col
|
| 500 |
|
|
|a Library has 1 copy
|
| 521 |
0 |
|
|a For 18 + with elements for mature audiences (violence, horror, sex, politics, religion, counter-culture) (18)
|
| 650 |
0 |
0 |
|a Movies, Tamil
|
| 999 |
|
|
|a AV 37267
|b DIGITAL VIDEO DISC
|c PINJAMAN
|e PERPUSTAKAAN KOMUNITI PETALING JAYA
|